01126nam a22002417a 4500003000400000005001700004008004100021020001800062040001500080041000800095082001500103100002900118245002100147264004200168300004200210521038400252650002400636650002000660650002200680942001500702999001700717952015000734OSt20260522174417.0260522b ||||| |||| 00| 0 spa d a9781784872816 cCO- Mq BPB aEng aBbAN POEs a Poe, Edgar Allaneautor aSelected Stories aLondon; bPenguin Random House,c2017 a190 páginas;bTapa rustica, c18 cm aLas historias exploran mundos oscuros llenos de misterio, obsesión, culpa, locura y muerte. Entre los relatos más conocidos de Poe se encuentran: The Tell-Tale Heart The Fall of the House of Usher The Black Cat The Murders in the Rue Morgue Los cuentos combinan suspenso psicológico, horror y elementos detectivescos que influyeron profundamente en la literatura moderna. aLocura y obsesión aTerror gótico aMisterio y crimen 2ddccBKLIT c16321d16321 00102ddc4051708LAaBPMOSbBPMOScFICd2026-05-22eCompra 2025iNTl0oB AC POEspMOS504982r2026-05-22tEj.1w2026-05-22yBKLITzQuince dias